| 000 | 00543cam a2200205ua 4500 | ||
|---|---|---|---|
| 020 | _c425.00 | ||
| 041 |
_aeng _h |
||
| 082 |
_a028.73 589 _bHAW/DI |
||
| 100 | _aHawksworth, D L . | ||
| 245 |
_aDictionary of the fungi / _cD L Hawksworth. _hTextual Documents |
||
| 250 |
_a7 / _b. |
||
| 260 |
_aNew Delhi : _bInternational Books & Periodicals Supply Service , _c1985. |
||
| 300 | _a445 ; . | ||
| 365 | _a425.00 | ||
| 504 | _a | ||
| 700 | 1 | _aAinsworth, G C . | |
| 700 | 1 | _aSutton, B C . | |
| 942 | _cBK | ||
| 999 |
_c9190 _d9190 |
||